Productividad y aprendizaje en el medio rural : un estudio en cuatro regiones maiceras de México.

Guardat en:
Dades bibliogràfiques
Autor principal: Schmelkes, Sylvia (autor)
Altres autors: Rentería Agraz, Alfredo, coaut (autor) coaut, (autor), Rojo Pons, Flavio, coaut (autor) coaut, (autor)
Format: Desconegut
Idioma:espanyol
Matèries:
Accés en línia:Ver documento en línea
Etiquetes: Afegir etiqueta
Sense etiquetes, Sigues el primer a etiquetar aquest registre!

MARC

LEADER 00000c**#a2200000ua#4500
001 000501621
003 DLC
005 20260429000000.0
008 070831c^^^^9999^^^^r1^^^^^^^^0^^^^0spa^d
009 20260429194048.308
022 |a 01851284 
035 |a FCE 000045801 
037 |a Acervo ITESO - Biblioteca 
041 |a spa 
095 |a RLEE  |b 86-2-15. 
100 |a Schmelkes, Sylvia  |e (autor) 
245 1 0 |a Productividad y aprendizaje en el medio rural :  |b un estudio en cuatro regiones maiceras de México. 
264 |a México :  |b Centro de Estudios Educativos,  |c 1986. 
336 |a texto  |b txt  |2 rdacontenido 
337 |a sin mediación  |b n  |2 rdamedio 
338 |a volumen  |b nc  |2 rdasoporte 
649 |a XX 
650 |a Educación no formal 
650 |a Aprendizaje 
650 |a Producción agrícola 
650 |a Zona rural 
650 |a Educación-producción 
650 |a Estudios de casos 
650 |a México 
740 |g vol. 16., no. 2, 1986, pp. 15-55.  |t Revista Latinoamericana de Estudios Educativos. Artículos, 
700 |a Rentería Agraz, Alfredo,  |e coaut  |e (autor) 
700 |a Rojo Pons, Flavio,  |e coaut  |e (autor) 
856 4 0 |u https://www.cee.edu.mx/rlee/revista/r1981_1990/r_texto/t_1986_2_02.pdf  |y Ver documento en línea 
910 |a Fondo Centro de Estudios Educativos 
920 |a Impresos - Libros 
930 |a Fondos Especiales 
905 |a 133 
902 |a https://opac.biblio.iteso.mx/vufind/Record/000501621